| 000 | 00644nam a2200217 a 4500 | ||
|---|---|---|---|
| 999 |
_c2207 _d2207 |
||
| 001 | 2207 | ||
| 003 | BD-JhCC | ||
| 005 | 20171030205803.0 | ||
| 008 | 171030s1381 bg |||| ||a| 000 0 ben d | ||
| 035 | _a(BD-JhCC)2207 | ||
| 040 |
_aBD-JhCC _dBD-JhCC |
||
| 041 | _aben | ||
| 082 |
_a891.4409 _bZAM 1381 |
||
| 100 | _aজামান, হাসান | ||
| 245 |
_aশতাব্দী পরিক্রমা / _cহাসান জামান, |
||
| 260 |
_aঢাকা : _bনওরোজ কিতাবিস্তান, _c1381 |
||
| 300 |
_a349 p. : _c22 cm. |
||
| 650 | _aBengali Literature | ||
| 942 |
_2ddc _cBK |
||